Govt. of
Madhya Pradesh

A History of Buddhist Philosophy (Record no. 4199)

MARC details
000 -LEADER
fixed length control field 003300000a22001450004500
003 - CONTROL NUMBER IDENTIFIER
control field MACL
040 ## - CATALOGING SOURCE
Original cataloging agency MACL
090 ## - LOCALLY ASSIGNED LC-TYPE CALL NUMBER (OCLC); LOCAL CALL NUMBER (RLIN)
-- 4233
-- 4232
100 ## - MAIN ENTRY--PERSONAL NAME
Personal name Kalupahana, David J.
245 ## - TITLE STATEMENT
Title A History of Buddhist Philosophy
260 ## - PUBLICATION, DISTRIBUTION, ETC. (IMPRINT)
Name of publisher, distributor, etc. Motilal Banarsidass Publishers
Date of publication, distribution, etc. 1994
350 ## - PRICE (NR) (BK AM CF MU VM SE) [OBSOLETE]
Price 175
650 ## - SUBJECT ADDED ENTRY--TOPICAL TERM
Topical term or geographic name as entry element Philisophy
942 ## - ADDED ENTRY ELEMENTS (KOHA)
Koha item type Library Membar
Call number prefix 100
Holdings
Withdrawn status Lost status Source of classification or shelving scheme Damaged status Not for loan Home library Current library Date acquired Cost, normal purchase price Total Checkouts Full call number Barcode Date last seen Date last checked out Uniform Resource Identifier Price effective from Koha item type
          MACL MACL 15/04/2015 175.00 1 100/KAL CRE07666 10/05/2018 19/04/2018 4170 15/04/2015 Books